000
00406nam a2200145Ia 4500
008
100122s9999 xx 000 0 und d
082
_b
13976
_a
570
100
_a
सोवनी रा वि
245
_a
जीवोत्पती
260
_b
शंकराव देव
_c
1966
300
_a
50
630
_a
जीवोत्पती
730
_a
जीवोत्पती
942
_c
BOOK
999
_c
404668
_d
404665